000
00291nam a2200109Ia 4500
008
230907s9999||||xx |||||||||||||| ||und||
082
_a
320
_b
BAN
245
0
_a
Security and hybrid warfare :
260
_a
Lap Lambert Academic Publishing,
_b
Mauritius :
_c
2017
300
_a
207 p.
942
_c
BK
999
_c
599378
_d
599378